Statystyki dla Kogo to numer - polski rap #9(Impossible)

Kliknij tutaj aby rozwiązać quiz!

Ogólne statystyki

  • Ten quiz został rozwiązany 10 razy
  • Średni wynik to 3 z 10

Statystyki odpowiedzi

HintOdpowiedź% Poprawnych
Co jest ze mnąQuebonafide
60%
Weed CarrierBiałas
50%
ALLES KLARGedz
40%
W MaterialeKaz Bałagane
40%
200 procent prawdyPRO8L3M
30%
To by było na tyleTaco Hemingway
30%
Nie mów, że nie wieszKuban
10%
ZA NICSzpaku
10%
ClepsydraTUZZA Globale
10%
Nikt mi nie kazałJan-Rapowanie
0%

Rozkład punktacji

Percentyl według liczby udzielonych odpowiedzi

Procent ludzi z każdym wynikiem

Twoja historia wyników

Nie rozwiązałeś tego quizu